000 00565nam a2200205Ia 4500
005 20250923145945.0
008 008 250917s9999 xx 000 0 eng d
037 _aTextual
040 _aDSWL
_beng
_cDSWL
041 _aeng
_2eng
084 _aY:1:7.1, N97
_qDSWL
100 _aAppaduri, Arjun
_9840709
245 0 _aModernity at large
_c by Arjun Appaduri
260 _aDelhi
_b Oxford University Press
_c1997
300 _axi,229
365 _aINR
_b375.00
925 _g375.00
942 _cTEXL
_hY:1:7.1, N97
999 _c1457803
_d1457803